000 00317nam a2200133Ia 4500
008 191201s2013 xx 000 0 und d
082 _a657
_bPAM
100 _aPANDEY, I M
245 0 _aManagement Accounting
260 _aN. Delhi
_bVikas Publication House
_c2013
300 _a608
650 _aBBA
942 _2ddc
_cBK
999 _c5931
_d5931